|
|
|
|
| LEADER |
00000cam a2200000 7i4500 |
| 001 |
0000002798 |
| 005 |
20040114.0 |
| 020 |
0 |
0 |
|a 0521264243
|
| 090 |
0 |
0 |
|a 572.45
|b BIO 1986
|
| 245 |
0 |
4 |
|a The BIOSYNTHESIS and metabolism of plant hormones
|c edited by Alan Crozier and John R. Hillman
|
| 260 |
0 |
0 |
|a Cambridge [Cambridgeshire] ; New York :
|b Cambridge University Press ,
|c 1984, 1986
|
| 300 |
|
|
|a xii, 288 p. :
|b ill. ;
|c 24 cm.
|
| 440 |
0 |
0 |
|a Society for Experimental Biology ; seminar series ; 23
|
| 500 |
0 |
0 |
|a Includes bibliographies and index
|
| 650 |
0 |
0 |
|a Plant hormones
|x Metabolism
|
| 650 |
0 |
0 |
|a Plant hormones
|x Synthesis
|
| 700 |
0 |
1 |
|a Crozier
|h Alan
|
| 700 |
0 |
1 |
|a Hillman
|h John R.
|
| 998 |
|
|
|a JPSM
|
| 999 |
|
|
|a 0000004455
|b Monograph
|c Open Shelf
|e Default branch
|